LAN wiring
This completely updated edition of the best-selling guide to cable installation for voice and data provides installers with the details of proper LAN cabling and gives network and IT managers the basics of LAN hardware connection. This Third Edition has been updated to reflect the latest advances in...
Αποθηκεύτηκε σε:
| Κύριος συγγραφέας: | |
|---|---|
| Μορφή: | Βιβλίο |
| Γλώσσα: | Undetermined |
| Έκδοση: |
New York
McGraw-Hill
2006
|
| Θέματα: | |
| Ετικέτες: |
Προσθήκη ετικέτας
Δεν υπάρχουν, Καταχωρήστε ετικέτα πρώτοι!
|
| Thư viện lưu trữ: | Trung tâm Học liệu Trường Đại học Cần Thơ |
|---|
| LEADER | 01131nam a2200217Ia 4500 | ||
|---|---|---|---|
| 001 | CTU_166697 | ||
| 008 | 210402s9999 xx 000 0 und d | ||
| 020 | |c 65 | ||
| 082 | |a 004.68 | ||
| 082 | |b T866 | ||
| 100 | |a Trulove, James | ||
| 245 | 0 | |a LAN wiring | |
| 245 | 0 | |c James Trulove | |
| 260 | |a New York | ||
| 260 | |b McGraw-Hill | ||
| 260 | |c 2006 | ||
| 520 | |a This completely updated edition of the best-selling guide to cable installation for voice and data provides installers with the details of proper LAN cabling and gives network and IT managers the basics of LAN hardware connection. This Third Edition has been updated to reflect the latest advances in Gigabit copper cabling, 10 Gigabit cabling, Category 8 and 7 cabling, Power-Over Ethernet for distribution devices, and the very newest cabling standards. | ||
| 650 | |a Local area networks (Computer networks),Electric wiring,Mạng cục bộ (Mạng máy tính),Dây điện | ||
| 650 | |x Equipment and supplies,Thiết bị và nguồn cung cấp | ||
| 904 | |i Đình Thư, Giang | ||
| 980 | |a Trung tâm Học liệu Trường Đại học Cần Thơ | ||